Sheldon Cooper - Statistics

General Stats
  • This quiz has been taken 86 times
  • The average score is 9 of 15
Answer Stats
Hint Answer % Correct
What his mom calls him Shelly
90%
What his grandma calls him Moon pie
85%
His twin sister Missy
83%
Where is Sheldon from Texas
82%
What color hair dose Sheldon have Brown
77%
What is Sheldon’s mother’s name Mary
77%
Who is sheldon’s brother Georgie
72%
What is Sheldon’s middle name Lee
66%
How many times dose Sheldon knock before coming in a room Three
63%
Who is sheldon’s girl friend Amy Farrah Fowler
45%
What he calls his grandma Memaw
45%
Who is Sheldon’s favorite super hero Flash
44%
What is on Sheldon’s shower curtain The periodic table
35%
What is Sheldon’s user name Sheldor
28%
Who is the crazy grad student who is obsessed with Sheldon Ramona
23%
No matching quizzes found
Score Distribution
Percent of People with Each Score
Percentile by Number Answered
Your Score History
You have not taken this quiz